000 00869nam a22002295i 4500
001 160140
003 ES-MaACL
005 20250725062543.0
008 010511q18601870fr |||| | fre d
040 _aCCPB | B
_bspa
_cCCPB | B
100 1 _aMorand, Joseph-H.
_9154051
245 1 0 _aIntroduction a l'étude des sciences physiques /
_cpar J. Morand.
250 _a5ème éd.
260 _aParis :
_bLibrairie Germer Baillière et Cie,
_c[186?] (
_eCoulommiers :
_fTypographie Paul Brodard)
300 _a188 p. ;
_c16 cm.
490 1 _aBibliothèque utile ;
_v1
596 1 _aLibrairie Germer Baillière et Cie ejerce ca. 1835-1900.
650 7 _aFísica
_2embne
_912877
830 0 _aBibliothèque utile ;
_v1
_9188339
852 _aES-MaACL
_jT-644-F-3
_z-- Enc. hol. conservando la cub. original
_z-- Enc. en un vol. facticio
999 _c160140
_d160140